Man and the universe the philosophers of science (Record no. 224808)
[ view plain ]
| 000 -LEADER | |
|---|---|
| fixed length control field | 00597nam a22002177a 4500 |
| 005 - DATE AND TIME OF LATEST TRANSACTION | |
| control field | 20221011112727.0 |
| 008 - FIXED-LENGTH DATA ELEMENTS--GENERAL INFORMATION | |
| fixed length control field | 221011b ||||| |||| 00| 0 eng d |
| 040 ## - CATALOGING SOURCE | |
| Transcribing agency | AL |
| 041 ## - LANGUAGE CODE | |
| Language code of text/sound track or separate title | eng |
| 082 ## - DEWEY DECIMAL CLASSIFICATION NUMBER | |
| Edition number | 23 |
| Classification number | 501 |
| Item number | COMM |
| 100 ## - MAIN ENTRY--PERSONAL NAME | |
| Personal name | Saxe Commins |
| 100 ## - MAIN ENTRY--PERSONAL NAME | |
| 9 (RLIN) | 59384 |
| 100 ## - MAIN ENTRY--PERSONAL NAME | |
| Dates associated with a name | Robert N Linscott |
| 9 (RLIN) | 59385 |
| 245 ## - TITLE STATEMENT | |
| Title | Man and the universe the philosophers of science |
| 300 ## - PHYSICAL DESCRIPTION | |
| Extent | 684p. |
| Other physical details | PB |
| Dimensions | 16x11cm. |
| 650 ## - SUBJECT ADDED ENTRY--TOPICAL TERM | |
| Topical term or geographic name entry element | Philosophers |
| 9 (RLIN) | 59386 |
| 650 ## - SUBJECT ADDED ENTRY--TOPICAL TERM | |
| Topical term or geographic name entry element | Science |
| 9 (RLIN) | 59387 |
| 650 ## - SUBJECT ADDED ENTRY--TOPICAL TERM | |
| Topical term or geographic name entry element | Worlds Thinkers |
| 9 (RLIN) | 59388 |
| 700 ## - ADDED ENTRY--PERSONAL NAME | |
| Personal name | COMMINS (Saxe) |
| 9 (RLIN) | 59389 |
| 700 ## - ADDED ENTRY--PERSONAL NAME | |
| Personal name | LINSCOTT (Robert N) |
| 9 (RLIN) | 59390 |
| 942 ## - ADDED ENTRY ELEMENTS (KOHA) | |
| Source of classification or shelving scheme | Dewey Decimal Classification |
| Koha item type | Book |
| Withdrawn status | Lost status | Source of classification or shelving scheme | Damaged status | Not for loan | Collection code | Home library | Current library | Date acquired | Total Checkouts | Full call number | Barcode | Date last seen | Price effective from | Koha item type |
|---|---|---|---|---|---|---|---|---|---|---|---|---|---|---|
| Dewey Decimal Classification | Others | St Aloysius Library | St Aloysius Library | 03/24/2013 | 501 COMM | GF02329 | 10/11/2022 | 10/11/2022 | George Fernandes Collections |